|
|
|
|
| LEADER |
00000nam0a2200000 4500 |
| 001 |
48144 |
| 005 |
20231031031327.0 |
| 035 |
|
|
|a (RuTPU)RU\TPU\book\50372
|
| 090 |
|
|
|a 48144
|
| 100 |
|
|
|a 20030306d2003 k y0rusy50 ca
|
| 101 |
0 |
|
|a rus
|
| 102 |
|
|
|a RU
|
| 105 |
|
|
|a a dm 001zy
|
| 200 |
1 |
|
|a Разработка замкнутого фторидного цикла получения и утилизации керамических материалов из диоксида циркония
|e автореферат диссертации на соискание ученой степени кандидата технических наук
|e спец. 05.17.02
|f А. Н. Дьяченко
|g Томский политехнический университет; науч. рук. В. В. Гузеев
|
| 210 |
|
|
|a Томск
|c [Б. и.]
|d 2003
|
| 215 |
|
|
|a 21 с.
|c ил.
|
| 300 |
|
|
|a Защита сост. 23.01.2003 г.
|
| 320 |
|
|
|a Библиогр.: с. 20-21 (13 назв.)
|
| 371 |
0 |
|
|a For_staff_use
|
| 610 |
1 |
|
|a химическая технология
|
| 610 |
1 |
|
|a диоксид циркония
|
| 610 |
1 |
|
|a керамические материалы
|
| 610 |
1 |
|
|a получение
|
| 610 |
1 |
|
|a утилизация
|
| 610 |
1 |
|
|a замкнутый фторидный цикл
|
| 610 |
1 |
|
|a микроволокна
|
| 610 |
1 |
|
|a керамические изделия
|
| 610 |
1 |
|
|a тетрафторид кремния
|
| 610 |
1 |
|
|a авторефераты диссертаций
|
| 610 |
1 |
|
|a труды учёных ТПУ
|
| 675 |
|
|
|a 666.3(04)
|v 3
|
| 675 |
|
|
|a 661.88(04)
|v 3
|
| 686 |
|
|
|a 05.17.02
|2 oksvnk
|
| 700 |
|
1 |
|a Дьяченко
|b А. Н.
|c химик-технолог
|c профессор Томского политехнического университета, доктор технических наук
|f 1977-
|g Александр Николаевич
|2 stltpush
|3 (RuTPU)RU\TPU\pers\27691
|
| 702 |
|
1 |
|a Гузеев
|b В. В.
|g Василий Витальевич
|4 727
|
| 712 |
0 |
2 |
|a Томский политехнический университет
|2 stltpush
|3 (RuTPU)RU\TPU\col\376
|
| 801 |
|
1 |
|a RU
|b 63413507
|c 20030306
|g PSBO
|
| 801 |
|
2 |
|a RU
|b 63413507
|c 20150331
|g PSBO
|
| 942 |
|
|
|c BK
|